000 01651cam a22002054a 4500
005 20250605164205.0
008 250528s ||||||||||||||||||||||||d
035 _a19891
020 _a9608257182
040 _aGR-AtMCL
_bgre
_dGR-AtMCL
_eAACR2
245 1 _aΤεχνολογία του Σκυροδέματος / Τρίτη Έκδοση
250 _a
260 _bΤeκδοτικη,
_c2003
300 _a288
520 _aΠρόλογος, Εισαγωγικό Σημείωμα, Σχετικά με τους Ευρωπαϊκούς Κανονισμούς, Τα Υλικά Παρασκευής του Σκυροδέματος, Το Τσιμέντο, Το Νερό Αναμείξεως, Οι Αναλογίες Συνθέσεως, Η Απαιτούμενη Ποσότητα Νερού, Μελέτη Συνθέσεως Σκυροδέματος, Αδρανή Υλικά, Η Ποσότητα και η Συνθεση των Αδρανών, Μελέτη Συνθέσεως Σκυροδέματος, Οι Ιδιότητες του Στερεού Σκυροδέματος, Τα Πρόσθετα Υλικά, Ρευστοποιητικά και Υπερρευστοποιητικά, Αερακτικά, Επιβραδυντικά, Επιταχυντικά, Στεγανοποιητικά Αντιπαγετικά, Προσθήκες, Άλλα Είδη Σκυροδέματος, Ελαφρά Σκυροδέματα, Βαριά Σκυροδέματα, Ειδικά Σκυροδέματα, Παράρτημα, Βιβλιογραφία.
700 1 _aΟικονόμου Χρίστος Μ
_96041
942 _cBK
999 _c5134
_d5134